02035cam a22003374a 4500952015700000999001700157001000900174003000400183005001700187008004100204010001700245020003900262020003800301040002300339042000800362043001200370050002400382082002500406100003800431245012000469260005900589300002600648504006600674505069800740650004701438650005701485650002701542651003501569906004501604942004801649 00102ddc40708EDUCATIONaMESbMEScEDUCATIONd2019-02-20g1611.00l1o378.73089 GIR/Bp39113r2022-07-18 00:00:00s2022-07-12w2019-02-20yBKzGL40R5 c34924d3492416027827OSt20200131105746.0091218s2010 cau b 001 0 eng c a 2009053222 a9780804770477 (cloth : alk. paper) a9780804770484 (pbk. : alk. paper) aCSt/DLCcoclcdDLC apcc an-us---00aLC212.42b.G57 201000a378.73089222bGIR/B aGiroux, Susan Searlsd1968-9169010aBetween Race and Reason :bViolence, intellectual responsibility, and the university to come /cSusan Searls Giroux aStanford, Calif. :bStanford University Press,cc2010. axii, 283 p. ;c24 cm. aIncludes bibliographical references (p. [263]-273) and index.0 aIntroduction : the university to come -- section I: Challenging three decades of colorblind racism. Notes on the afterlife of dreams : on the persistence of racism in post-civil rights America -- Playing in the dark : racial repression and the campus crusade for diversity -- The age of unreason : race and the drama of American anti-intellectualism -- section II: Theorizing race, state, and violence: the pedagogical imperative. Generation kill : Nietzschean meditations on the university, youth, war and guns -- Critique of racial violence : the theologico-political and educational commitment of Lewis R. Gordon -- Beyond the blindspot of race : Duboisian visions of America reconstructed. 0aRacism in higher educationzUnited States. 0aEducation, HigherxPolitical aspectszUnited States. 0aRacismzUnited States. 0aUnited StatesxRace relations. a7bcbccorignewd1eecipf20gy-gencatlg 2ddccBKh378.73089iGIR/Bk378.73089mGIR/B